| 000 | 00422cam a2200157 a 4500 | ||
|---|---|---|---|
| 020 | _a0849363470 (v. 1) | ||
| 040 | _cDLC | ||
| 082 | 0 | 0 | _a630 CRC 1986 |
| 245 | 0 | 0 | _aAlternative energy in agriculture / |
| 260 |
_aBoca Raton, Fla. : _bCRC Press, _cc1986. |
||
| 300 |
_a2 v. : _bill. ; _c26 cm. |
||
| 650 | 0 | _aRenewable energy sources. | |
| 650 | 0 | _aAgriculture and energy. | |
| 700 | 1 | _aGoswami, D. Yogi. | |
| 942 | _cAEDBB | ||
| 999 |
_c11283 _d11283 |
||